00755nac a22002171u 4500010001700000020001500017082001500032090001500047100003400062245007500096250001200171260006700183300002900250500002700279500002700306511002800333650002600361942001700387999001500404952011800419 a 2006275332 a013146913400a005.1bPFL c9155d9155 aPfleeger, Shari Lawren 10aSoftware engineering : theory and practice /cShari Lawrence Pfleeger. a3rd ed. aUpper Saddle River, N.J. :bPearson/Prentice Hall,c2006cc2006 a716 p. :bill. ;c25 cm. a"An Alan R. Apt book." aDistributer: Al-Ahram. aCatalogued By: Mahitab. 0aSoftware engineering. cBBk005.1PFL c9155d9155 00104070aMAINbMAINcLOWd2016-04-08ePurchasel2m1o005.1PFLp000011276r2025-07-15 00:00:00s2011-01-21yBB